[Event "only under 1900 (leisure version)"]
[Site "SchemingMind.com"]
[Date "2018.03.24"]
[Round "-"]
[White "echecs"]
[Black "Holty"]
[Result "0-1"]
[WhiteCountry "ENG"]
[BlackCountry "ENG"]
[WhiteElo "1736"]
[WhiteRD "65"]
[BlackElo "1737"]
[BlackRD "61"]
[GameID "426137"]

1. e4 e6 2. d4 d5 3. Nc3 dxe4 4. Nxe4 Nf6 5. Bg5 Be7 6. Ng3 O-O 7. Nf3 h6 8. Be3 Nc6 9. h3 Nd5 10. Qd2 Nxe3
11. Qxe3 Qd5 12. c3 Rd8 13. Be2 a5 14. O-O a4 15. a3 Bd7 16. Rac1 Qb3 17. Rb1 Qb6 18. Bd3 Ra5 19. Bc2 Re8 20. Qd3 g6
21. Qd1 Rd8 22. Bxa4 Nxd4 23. Bxd7 Nxf3+ 24. Qxf3 Rxd7 25. c4 Ra8 26. b4 Qc6 27. Qf4 Rxa3 28. c5 Bg5 29. Qc4 Rad3 30. Ne2 b5
31. Qg4 f5 32. Nd4 R3xd4 33. Qe2 Kf7 34. Rfe1 Bd2 35. Red1 Bxb4 36. Rxd4 Rxd4 37. Qe3 Qe4 38. Qxe4 Rxe4 39. c6 Re1+
0-1

[Event "only under 1900 (leisure version)"]
[Site "SchemingMind.com"]
[Date "2018.03.24"]
[Round "-"]
[White "Holty"]
[Black "echecs"]
[Result "1-0"]
[WhiteCountry "ENG"]
[BlackCountry "ENG"]
[WhiteElo "1737"]
[WhiteRD "61"]
[BlackElo "1736"]
[BlackRD "65"]
[GameID "426138"]

1. d4 d6 2. e4 c6 3. Nc3 a6 4. Nf3 Nf6 5. Bd3 Bg4 6. O-O g6 7. h3 Bd7 8. Be3 Bg7 9. Qd2 O-O 10. Bh6 Qc8
11. Bxg7 Kxg7 12. Rfe1 h5 13. e5 Nh7 14. Kh2 Be6 15. Ne4 f5 16. Neg5 Bg8 17. e6 d5 18. Qf4 Nxg5 19. Nxg5 a5 20. Qe5+ Kh6
21. Qh8+ Kxg5 22. f4+ Kxf4 23. Qh6+ g5 24. Rf1+ Ke3 25. Rae1+ Kxd4 26. Qxg5 Kc5 27. Qxe7+ Kb6 28. Bxf5 Na6 29. Qg5 Re8 30. e7 Qc7+
31. Kg1 Qd6 32. Bg6 Rxe7 33. Qxe7 Qxe7 34. Rxe7 d4 35. Re8 Rxe8 36. Bxe8 Nb4 37. Bxh5 Nxc2 38. b3 c5 39. Rf6+ Kb5 40. Bg6 Ne3
41. Kf2 Bd5 42. g4 Kb4 43. Bf7 Bg2 44. Ke1 b5 45. g5 Bxh3 46. Be6 Bg2 47. g6 d3 48. Kd2 Nd5 49. Bxd5 Bxd5 50. Kxd3 c4+
51. Kc2 cxb3+ 52. axb3 Bxb3+ 53. Kb2 a4 54. Rf4+ Bc4 55. Rxc4+ Kxc4 56. g7 Kb4 57. g8=Q a3+ 58. Ka2 Ka4 59. Qb3+
1-0

[Event "only under 1900 (leisure version)"]
[Site "SchemingMind.com"]
[Date "2018.03.24"]
[Round "-"]
[White "slotheman"]
[Black "Holty"]
[Result "0-1"]
[WhiteCountry "USA"]
[BlackCountry "ENG"]
[WhiteElo "1593"]
[WhiteRD "107"]
[BlackElo "1736"]
[BlackRD "59"]
[GameID "426139"]

1. e4 e6 2. d3 c5 3. Nf3 Nc6 4. c3 Nf6 5. g3 Be7 6. Bg2 d6 7. O-O O-O 8. Re1 h6 9. e5 dxe5 10. Nxe5 Nxe5
11. Rxe5 Nd7 12. Re3 Rb8 13. c4 Bf6 14. Nd2 Bd4 15. Re4 Nf6 16. Rf4 e5 17. Rh4 Kh7 18. Be4+ Nxe4 19. Nxe4 f6 20. Bxh6 g5
21. Bxf8+ gxh4 22. Qh5+ Kg8 23. Qh6 Qxf8 24. Nxf6+ Kf7 25. Qxh4 Ke6 26. Nh7 Qxf2+
0-1

[Event "only under 1900 (leisure version)"]
[Site "SchemingMind.com"]
[Date "2018.03.24"]
[Round "-"]
[White "Holty"]
[Black "slotheman"]
[Result "1-0"]
[WhiteCountry "ENG"]
[BlackCountry "USA"]
[WhiteElo "1730"]
[WhiteRD "66"]
[BlackElo "1514"]
[BlackRD "94"]
[GameID "426140"]

1. d4 g6 2. e4 Bg7 3. Nc3 a6 4. h4 h5 5. Nf3 b5 6. a4 b4 7. Nd5 a5 8. Bc4 Nf6 9. Nxf6+ Bxf6 10. O-O O-O
11. e5 Bg7 12. c3 e6 13. Be3 Ba6 14. Bxa6 Rxa6 15. Qd3 d5 16. Rfd1 Rb6 17. b3 Rc6 18. Rac1 f5 19. Qb5 Rb6 20. Qd3 Qe7
21. Qd2 Nc6 22. Bh6 Rc8 23. Bg5 bxc3 24. Qxc3 Qf8 25. Qc5 Nb4 26. Qxa5 Ra8 27. Qc5 Qxc5 28. Rxc5 c6 29. Bf6 Bf8 30. Rc3 Na6
31. Ng5 Nc7 32. f4 Rab8 33. Rb1 Bb4 34. Rc2 Ba5 35. Rc5 Bd2 36. Be7 Bxf4 37. Bd6 Be3+ 38. Kf1 R8b7 39. Bxc7 Rxc7 40. Nxe6 Re7
41. Nd8 Rc7 42. Ne6 Rcb7 43. Ke2 Rxb3 44. Rxb3 Rxb3 45. Rxc6 Bxd4 46. Nxd4 Rb2+ 47. Kf3 Rb4 48. Rc8+ Kh7 49. Nc6 Rxa4 50. e6 d4
51. e7 d3 52. e8=Q
1-0

[Event "only under 1900 (leisure version)"]
[Site "SchemingMind.com"]
[Date "2018.03.23"]
[Round "-"]
[White "Scooter"]
[Black "Holty"]
[Result "1-0"]
[WhiteCountry "USA"]
[BlackCountry "ENG"]
[WhiteElo "1679"]
[WhiteRD "56"]
[BlackElo "1726"]
[BlackRD "63"]
[GameID "426141"]

1. d4 d5 2. Nf3 Nf6 3. Bf4 c5 4. c3 Nc6 5. e3 Qb6 6. Qb3 c4 7. Qxb6 axb6 8. Nbd2 b5 9. Be2 b4 10. O-O bxc3
11. bxc3 g6 12. Ne5 Bg7 13. Rfb1 O-O 14. Nxc6 bxc6 15. Rb6 Bd7 16. a4 Rfb8 17. Rxb8+ Rxb8 18. Bxb8
1-0

[Event "only under 1900 (leisure version)"]
[Site "SchemingMind.com"]
[Date "2018.03.22"]
[Round "-"]
[White "Holty"]
[Black "Scooter"]
[Result "1-0"]
[WhiteCountry "ENG"]
[BlackCountry "USA"]
[WhiteElo "1737"]
[WhiteRD "61"]
[BlackElo "1728"]
[BlackRD "52"]
[GameID "426142"]

1. d4 d5 2. Nf3 Bg4 3. Ne5 Bf5 4. c4 e6 5. Nc3 Nd7 6. Nf3 c6 7. c5 Ngf6 8. Bf4 Be7 9. Ne5 Nxe5 10. Bxe5 O-O
11. e3 Ne4 12. Nxe4 Bxe4 13. f3 Bg6 14. Bd3 Bxd3 15. Qxd3 Bf6 16. Bxf6 Qxf6 17. O-O e5 18. Qc3 exd4 19. exd4 Rfe8 20. Rae1 Kf8
21. a4 Rxe1 22. Rxe1 Re8 23. Rxe8+ Kxe8 24. Qe3+ Qe7 25. Kf2 Qxe3+ 26. Kxe3 g5 27. f4 f6 28. h4 gxh4 29. Kf3 f5 30. g3 hxg3
31. Kxg3 Kf7 32. a5 Kg6 33. Kh4 Kh6 34. Kg3 Kg6 35. Kh4 Kf6 36. Kh5 Kg7 37. Kg5 h6+ 38. Kxf5 Kf7 39. Kg4 Kg6 40. b3 h5+
41. Kh4 Kf5 42. b4 Kxf4 43. Kxh5 Ke4 44. b5 Kxd4 45. a6
1-0

[Event "only under 1900 (leisure version)"]
[Site "SchemingMind.com"]
[Date "2018.03.27"]
[Round "-"]
[White "Holty"]
[Black "DANDYLIONHONEYBADGER"]
[Result "1-0"]
[WhiteCountry "ENG"]
[BlackCountry "USA"]
[WhiteElo "1736"]
[WhiteRD "59"]
[BlackElo "1366"]
[BlackRD "71"]
[GameID "426145"]

1. d4 d5 2. Nf3 f6 3. e3 Bd7 4. c4 c6 5. Nc3 a6 6. cxd5 e6 7. dxe6 Bxe6 8. Bd3 Bd6 9. O-O Ne7 10. Qc2 Bf5
11. Bxf5 Nd7 12. Bd3 g6 13. Bd2 Nd5 14. Nxd5 cxd5 15. Qb3 b5 16. Qxd5 Nb6 17. Qe6+ Be7 18. Ba5 Rb8 19. Rfc1 Qd5 20. Qxd5 Nxd5
21. Rc6 O-O 22. g3 Bb4 23. Bxb4 Rfc8 24. Rxc8+ Rxc8 25. Bc5 Kg7 26. e4 Nb4 27. Bxb4
1-0

[Event "only under 1900 (leisure version)"]
[Site "SchemingMind.com"]
[Date "2018.03.27"]
[Round "-"]
[White "DANDYLIONHONEYBADGER"]
[Black "Holty"]
[Result "1-0"]
[WhiteCountry "USA"]
[BlackCountry "ENG"]
[WhiteElo "1419"]
[WhiteRD "71"]
[BlackElo "1730"]
[BlackRD "66"]
[GameID "426146"]

1. e4 e6 2. Nc3 c5 3. b3 Nc6 4. Ba3 d5 5. exd5 exd5 6. Bb5 Nf6 7. Bxc6+ bxc6 8. Na4 Qa5 9. Qe2+ Be6 10. Nf3 Bd6
11. O-O O-O 12. Ng5 Qc7 13. Nxe6 fxe6 14. Qxe6+ Kh8 15. Bxc5 Ne4 16. Bxd6 Nxd6 17. d4 Rae8 18. Qg4 Re4 19. Qd1 Rfe8 20. Nc5 Rh4
21. Na6 Qb7 22. g3 Rh6 23. Re1 Qxa6 24. Rxe8+ Nxe8 25. a4 Re6 26. Qd3 Qxd3 27. cxd3 a5 28. Rb1 Re7 29. Kf1 Nc7 30. b4 Re8
31. bxa5 Ra8 32. Rb7 Ne6 33. a6 h6 34. a7 Kh7 35. f4 Kg6 36. Kf2 Nxd4 37. g4 Kf6 38. Ke3 Ne6 39. h4 Nc5 40. g5+ hxg5
41. fxg5+ Kg6 42. Rc7 d4+ 43. Kf3 Nxd3 44. Rxc6+ Kh7 45. Rc7 Nb2 46. h5 Re8 47. h6
1-0

[Event "only under 1900 (leisure version)"]
[Site "SchemingMind.com"]
[Date "2018.04.03"]
[Round "-"]
[White "dadshane2000"]
[Black "ray winteringham"]
[Result "1-0"]
[WhiteCountry "USA"]
[BlackCountry "ENG"]
[WhiteElo "1931"]
[WhiteRD "86"]
[BlackElo "1580"]
[BlackRD "52"]
[GameID "426589"]

1. Nf3 g6 2. d4 Bg7 3. e4 d6 4. Nc3 Nc6 5. Be3 e6 6. Bb5 Bd7 7. O-O Nge7 8. h3 a6 9. Be2 O-O 10. Qd2 Qc8
11. Bh6 f5 12. Bxg7 Kxg7 13. a3 Nd8 14. exf5 exf5 15. Qg5 Re8 16. Rfe1 Ng8 17. Bc4 Be6 18. d5 Bf7 19. Rxe8 Bxe8 20. Re1 Nf7
21. Qd2 Bd7 22. Qd4+ Kf8 23. Qh4 h5 24. Ne2 Kg7 25. Nf4 Qd8 26. Qg3 Nf6 27. Qxg6+ Kf8= 28. Ne6+ Bxe6 29. dxe6 Ne5 30. Nxe5 Qe7
31. Qf7+ Qxf7 32. e7+
1-0

[Event "only under 1900 (leisure version)"]
[Site "SchemingMind.com"]
[Date "2018.04.03"]
[Round "-"]
[White "ray winteringham"]
[Black "dadshane2000"]
[Result "0-1"]
[WhiteCountry "ENG"]
[BlackCountry "USA"]
[WhiteElo "1569"]
[WhiteRD "50"]
[BlackElo "1930"]
[BlackRD "87"]
[GameID "426590"]

1. e4 e5 2. Bc4 Nf6 3. d3 Nc6 4. Be3 d5 5. exd5 Nxd5 6. Qh5 g6 7. Qf3 Be6 8. g3 Bg7 9. c3 Na5 10. Qg2 Nxc4
11. Bc1 Nd6 12. c4 Nb4 13. Kd2 Nxc4+
0-1

[Event "only under 1900 (leisure version)"]
[Site "SchemingMind.com"]
[Date "2018.04.03"]
[Round "-"]
[White "echecs"]
[Black "ray winteringham"]
[Result "0-1"]
[WhiteCountry "ENG"]
[BlackCountry "ENG"]
[WhiteElo "1736"]
[WhiteRD "65"]
[BlackElo "1569"]
[BlackRD "50"]
[GameID "426591"]

1. e4 e5 2. Nf3 d6 3. Bc4 Nf6 4. Nc3 c6 5. O-O Be7 6. d4 exd4 7. Qxd4 b5 8. Be2 O-O 9. a3 Bb7 10. Bd3 c5
11. Qe3 Qb6 12. Re1 Nbd7 13. e5 dxe5 14. Nxe5 Nxe5 15. Qxe5 Qc6 16. f3 Rfe8 17. Bd2 Bd6 18. Qg5 c4 19. Bf5 g6 20. Rxe8+ Rxe8
21. Bh3 Re5 22. Qh4 Rh5 23. Qe1 Rxh3 24. gxh3 Qxf3 25. Qf1 Qh1+ 26. Kf2 Qxh2+ 27. Ke3 Bc5#
0-1

[Event "only under 1900 (leisure version)"]
[Site "SchemingMind.com"]
[Date "2018.04.03"]
[Round "-"]
[White "ray winteringham"]
[Black "echecs"]
[Result "1-0"]
[WhiteCountry "ENG"]
[BlackCountry "ENG"]
[WhiteElo "1580"]
[WhiteRD "52"]
[BlackElo "1697"]
[BlackRD "65"]
[GameID "426592"]

1. e4 e5 2. Nf3 Nc6 3. Be2 Nf6 4. d3 d6 5. Be3 Bd7 6. Nc3 Be7 7. h3 O-O 8. O-O a6 9. a3 Qc8 10. Na2 g6
11. c4 b6 12. b4 Rd8 13. Nc3 Na7 14. Nh2 c5 15. Qd2 Nc6 16. Bf3 Qb8 17. Rab1 h5 18. Bh6 Kh7 19. Be2 Nd4 20. Be3 Nxe2+
21. Nxe2 Qc7 22. f4 exf4 23. Bxf4 Qc8 24. Bg5 Kg7 25. Qf4 Be6 26. Bxf6+ Bxf6 27. Qxf6+ Kh7 28. Nf4 Rg8 29. Nf3 Qd8 30. Ng5+ Kh6
31. Qxd8 Raxd8 32. Nfxe6 fxe6 33. Nf7+ Kg7 34. Nxd8 Rxd8 35. Rf3 Kh6 36. Rbf1 cxb4 37. axb4 a5 38. bxa5 bxa5 39. Rf8 Rd7 40. Ra8 d5
41. c5 dxe4 42. dxe4 Rd4 43. c6 Rc4 44. Ra6 a4 45. e5 Kg5 46. c7 Rxc7 47. Rxa4 Rc5 48. Rfa1 Rxe5 49. Ra5 Rf5 50. Rxf5+ exf5
51. Ra4 h4 52. Kf2 Kh5 53. Ra5 Kg5 54. Kf3 Kf6 55. g4 hxg3 56. Kxg3 Kg5 57. h4+ Kh5 58. Rb5 Kh6 59. Kf4 Kh5 60. Rb8 Kh6
61. Rb7
1-0

[Event "only under 1900 (leisure version)"]
[Site "SchemingMind.com"]
[Date "2018.04.04"]
[Round "-"]
[White "slotheman"]
[Black "ray winteringham"]
[Result "0-1"]
[WhiteCountry "USA"]
[BlackCountry "ENG"]
[WhiteElo "1524"]
[WhiteRD "91"]
[BlackElo "1491"]
[BlackRD "55"]
[GameID "426593"]

1. e4 e5 2. d4 exd4 3. Qxd4 Nc6 4. Qe3 Be7 5. Nc3 b6 6. Bd2 Bb7 7. O-O-O d6 8. Nd5 Nf6 9. Nxe7 Nxe7 10. Bb5+ c6
11. Bc4 O-O 12. e5 Ne8 13. Bc3 Qc7 14. Qg3 g6 15. exd6 Nxd6 16. Bb3 Nef5 17. Qd3 c5 18. Nf3 c4 19. Bxc4 Qxc4 20. Nd4 Bxg2
21. Qxc4 Nxc4 22. Rhg1 Be4 23. Rde1 Bd5 24. Re5 Rad8 25. Nxf5 Nxe5 26. Bxe5 Bxa2 27. Bg7 Rfe8 28. h4 Be6 29. Bf6 Bxf5 30. Bxd8 Rxd8
31. c4 Rd4 32. c5 Rc4+ 33. Kd2 Rc2+ 34. Ke3 Rxc5 35. Kd4 Rc2 36. b4 Rxf2 37. Ke5 Rb2 38. h5 Rxb4 39. h6 Re4+ 40. Kd5 f6
41. Rc1 Re5+ 42. Kd6 a5 43. Rc8+ Bxc8
0-1

[Event "only under 1900 (leisure version)"]
[Site "SchemingMind.com"]
[Date "2018.04.04"]
[Round "-"]
[White "ray winteringham"]
[Black "slotheman"]
[Result "0-1"]
[WhiteCountry "ENG"]
[BlackCountry "USA"]
[WhiteElo "1491"]
[WhiteRD "55"]
[BlackElo "1524"]
[BlackRD "91"]
[GameID "426594"]

1. e4 g6 2. d4 Bg7 3. Bd3 d6 4. Be3 Nf6 5. Nf3 O-O 6. c4 Ng4 7. Bf4 Nc6 8. h3 Nxf2 9. Kxf2 Nb4 10. b3 Nxd3+
11. Qxd3 c5 12. Nc3 cxd4 13. Nxd4 e5 14. Nde2 exf4 15. Nxf4 Qb6+ 16. Ke2 Bd7 17. Ncd5 Qd8 18. Rab1 Be5 19. g4 Qh4 20. Qf3 Bc6
21. Rbg1 Bd4 22. Rf1 a5 23. a4 Qg5 24. Qd3 Be5 25. Ke1 Bxd5 26. Qd4 Bc6= 27. Qe3 Rfe8 28. Ke2 Bb2 29. Kd1= Rxe4 30. Qd2 Ba3
31. Qf2 Rae8 32. Ne2 Rxe2 33. Qxe2 Qc1#
0-1

[Event "only under 1900 (leisure version)"]
[Site "SchemingMind.com"]
[Date "2018.04.03"]
[Round "-"]
[White "Scooter"]
[Black "ray winteringham"]
[Result "0-1"]
[WhiteCountry "USA"]
[BlackCountry "ENG"]
[WhiteElo "1728"]
[WhiteRD "52"]
[BlackElo "1569"]
[BlackRD "50"]
[GameID "426595"]

1. d4 d5 2. Nf3 Nc6 3. Bf4 e6 4. e3 Bd6 5. Bxd6 Qxd6 6. c3 Nge7 7. Bb5 O-O 8. O-O a6 9. Bxc6 Qxc6 10. Nbd2 b5
11. Ne5 Qe8 12. b3 f6 13. Nef3 Bd7 14. e4 Qf7 15. e5 h6 16. Re1 f5 17. c4 c6 18. c5 g5 19. h3 g4 20. hxg4 fxg4
21. Nh2 Qxf2+ 22. Kh1 h5 23. Rf1 Qh4 24. Rxf8+ Rxf8 25. Kg1 g3 26. Nhf3 Qf4 27. Nf1 Be8 28. Qe1 h4 29. Qe3 Bh5 30. Qxf4 Rxf4
31. N1d2 Nf5 32. b4 Bxf3 33. Nxf3 Nxd4 34. Nxd4 Rxd4 35. a3 Re4
0-1

[Event "only under 1900 (leisure version)"]
[Site "SchemingMind.com"]
[Date "2018.04.03"]
[Round "-"]
[White "ray winteringham"]
[Black "Scooter"]
[Result "0-1"]
[WhiteCountry "ENG"]
[BlackCountry "USA"]
[WhiteElo "1569"]
[WhiteRD "50"]
[BlackElo "1728"]
[BlackRD "52"]
[GameID "426596"]

1. e4 c6 2. d4 d5 3. e5 Bf5 4. Bd3 Bxd3 5. Qxd3 e6 6. Bf4 Nd7 7. Ne2 c5 8. Nbc3 cxd4 9. Qxd4 Bc5 10. Qd2 Ne7
11. O-O Ng6 12. Na4 Qc7 13. Nxc5 Nxc5 14. Bg3 Nxe5 15. c3 Ncd7 16. Qg5 O-O 17. f4 h6 18. Qh4 Nd3 19. f5 Qb6+ 20. Kh1 Qxb2
21. Nf4 Nxf4 22. Bxf4 Qxc3 23. Rfe1 exf5 24. Qh5 Rae8 25. Rf1 Nf6 26. Qd1 Re6 27. Rb1 b6 28. a4 Ng4 29. Qxd5 Qc5 30. Qxc5 bxc5
31. h3 Ne3 32. Bxe3 Rxe3 33. Rxf5 Rc8 34. Rc1 c4 35. Kh2 c3 36. Rf3 Rxf3 37. gxf3 f5 38. Kg3 Kf7 39. Kf4 Kf6 40. a5 c2
41. Ke3 g5 42. f4 g4 43. hxg4 fxg4 44. Kf2 Kf5 45. Kg3 Rc3+ 46. Kf2 Kxf4 47. Kg2 Ke3 48. Kg3 Kd2+
0-1

[Event "only under 1900 (leisure version)"]
[Site "SchemingMind.com"]
[Date "2018.04.03"]
[Round "-"]
[White "Holty"]
[Black "ray winteringham"]
[Result "1-0"]
[WhiteCountry "ENG"]
[BlackCountry "ENG"]
[WhiteElo "1737"]
[WhiteRD "61"]
[BlackElo "1569"]
[BlackRD "50"]
[GameID "426599"]

1. d4 d5 2. Nf3 Nc6 3. c4 Nf6 4. Nc3 e6 5. Bg5 Be7 6. e3 h6 7. Bxf6 Bxf6 8. cxd5 exd5 9. Be2 Be6 10. O-O a6
11. a3 O-O 12. b4 Ne7 13. Rc1 c6 14. h3 b5 15. a4 g5 16. a5 Qc7 17. Nd2 Qd6 18. Rb1 Ng6 19. Nb3 Kg7 20. Nc5 Rh8
21. Bd3 Bd8 22. Qh5 Bc7 23. Nxe6+ Qxe6 24. Rfe1 Qd6 25. g3 Rae8 26. Kf1 Qf6 27. Kg2 Qd6 28. Bxg6 fxg6 29. Qg4 Qe6 30. Qxe6 Rxe6
31. Rec1 Rc8 32. Re1 Rce8 33. Rb2 Rf8 34. Rbe2 Ref6 35. Rf1 Rf3 36. Rc1 Bb8 37. e4 Rd3 38. exd5 cxd5 39. Re7+ Rf7 40. Rxf7+ Kxf7
41. Ne2 Rd2 42. Kf1 Rb2 43. Rc6 Rxb4 44. Rxa6 h5 45. Rb6 Bxg3 46. fxg3 Kg7 47. a6 Ra4 48. Nc3 Ra5 49. Nxd5 Kf7 50. Nc7 Ke7
51. Rxb5 Ra1+ 52. Ke2 Kd7 53. Rc5 Kc8 54. a7 Rxa7 55. Nb5+ Kb7 56. Nxa7
1-0

[Event "only under 1900 (leisure version)"]
[Site "SchemingMind.com"]
[Date "2018.04.03"]
[Round "-"]
[White "ray winteringham"]
[Black "Holty"]
[Result "0-1"]
[WhiteCountry "ENG"]
[BlackCountry "ENG"]
[WhiteElo "1569"]
[WhiteRD "50"]
[BlackElo "1737"]
[BlackRD "61"]
[GameID "426600"]

1. e4 e6 2. d4 d5 3. e5 c5 4. Be2 cxd4 5. Qxd4 Nc6 6. Qd1 Nxe5 7. Bf4 Ng6 8. Bg3 Nf6 9. Nf3 Be7 10. Nbd2 O-O
11. h3 a6 12. O-O b5 13. a3 Bb7 14. Nd4 e5 15. N4b3 Bd6 16. Bf3 Re8 17. Be2 Qc7 18. Rb1 Rad8 19. Nf3 h6 20. Qe1 Ne4
21. Bd3 Nxg3 22. Bxg6 Nxf1 23. Bxf7+ Kxf7 24. Qxf1 Qxc2 25. Nbd2 e4 26. Rc1 Qxb2 27. Rd1 exf3 28. Nxf3 Rc8 29. Rd2 Qxa3 30. Re2 Rxe2
31. Qxe2 Rc1+ 32. Ne1 Qa1
0-1

[Event "only under 1900 (leisure version)"]
[Site "SchemingMind.com"]
[Date "2018.04.08"]
[Round "-"]
[White "ray winteringham"]
[Black "DANDYLIONHONEYBADGER"]
[Result "0-1"]
[WhiteCountry "ENG"]
[BlackCountry "USA"]
[WhiteElo "1524"]
[WhiteRD "54"]
[BlackElo "1366"]
[BlackRD "71"]
[GameID "426601"]

1. e4 e5 2. Nf3 Nc6 3. Bb5 a6 4. Ba4 b5 5. Bb3 Nh6 6. d3 Bc5 7. Bxh6 gxh6 8. Nc3 Ne7 9. Nxe5 Rf8 10. Qh5 Ng6
11. Bxf7+ Rxf7 12. Nxf7 Kxf7 13. Qxc5 d6 14. Qd5+ Be6 15. Qh5 Kg7 16. O-O Qd7 17. Qd1 Bg4 18. f3 Be6 19. Ne2 c5 20. Qd2 h5
21. f4 Bg4 22. Ng3 h4 23. Nh1 h3 24. g3 d5 25. f5 Ne5 26. f6+ Kf7 27. Qg5 Nf3+ 28. Kf2 Nxg5
0-1

[Event "only under 1900 (leisure version)"]
[Site "SchemingMind.com"]
[Date "2018.04.08"]
[Round "-"]
[White "DANDYLIONHONEYBADGER"]
[Black "ray winteringham"]
[Result "1-0"]
[WhiteCountry "USA"]
[BlackCountry "ENG"]
[WhiteElo "1366"]
[WhiteRD "71"]
[BlackElo "1524"]
[BlackRD "54"]
[GameID "426602"]

1. e4 e5 2. Nc3 Nc6 3. a3 Bc5 4. Nh3 d6 5. b4 Bxh3 6. gxh3 Bd4 7. Bb2 Qf6 8. Qe2 Nge7 9. Bg2 Ng6 10. O-O-O a6
11. b5 Nce7 12. Rdf1 O-O 13. bxa6 Rxa6 14. a4 Bxc3 15. Bxc3 Rxa4 16. Qe3 d5 17. exd5 Nxd5 18. Bxd5 Qa6 19. d3 Kh8 20. Bc4 Qa8
21. Kd2 c6 22. Bb3 Ra6 23. Ra1 f6 24. Bc4 Rxa1 25. Rxa1 Qc8 26. Bb4 Rd8 27. Ba5 Re8 28. Bf7 Rd8 29. Bxd8 Qxd8 30. Bxg6
1-0

[Event "only under 1900 (leisure version)"]
[Site "SchemingMind.com"]
[Date "2018.04.06"]
[Round "-"]
[White "dadshane2000"]
[Black "Iucounu"]
[Result "1-0"]
[WhiteCountry "USA"]
[BlackCountry "ENG"]
[WhiteElo "1931"]
[WhiteRD "86"]
[BlackElo "1604"]
[BlackRD "75"]
[GameID "426671"]

1. Nf3 Nf6 2. g3 g6 3. b3 Bg7 4. Bb2 O-O 5. Bg2 d6 6. d4 Nbd7 7. O-O e5 8. dxe5 dxe5 9. Nxe5 Nxe5 10. Bxe5 c6
11. Bb2 Be6 12. c4 Nh5 13. Nc3 Qxd1 14. Raxd1 Rfd8 15. e4 f5 16. Rfe1 Rxd1 17. Nxd1 Bxb2 18. Nxb2 fxe4 19. Rxe4 Re8 20. Bh3 Bf7
21. Rxe8+ Bxe8 22. Nd3 Kf8 23. f4 Ke7 24. Kf2 Bd7 25. Bxd7 Kxd7 26. Ke3 b6 27. b4 Nf6 28. h3 Ke6 29. g4 h6 30. Ne5
1-0

[Event "only under 1900 (leisure version)"]
[Site "SchemingMind.com"]
[Date "2018.04.05"]
[Round "-"]
[White "Iucounu"]
[Black "dadshane2000"]
[Result "0-1"]
[WhiteCountry "ENG"]
[BlackCountry "USA"]
[WhiteElo "1604"]
[WhiteRD "75"]
[BlackElo "1931"]
[BlackRD "86"]
[GameID "426672"]

1. d4 Nf6 2. c4 g6 3. Nc3 Bg7 4. e4 d6 5. f3 O-O 6. Be3 e5 7. d5 c6 8. Bd3 Nbd7 9. Nge2 cxd5 10. cxd5 Nc5
11. Bc2 Bd7 12. b4 Na6 13. a3 Nc7 14. Ba4 b5 15. Bb3 a5 16. Bc2 axb4 17. axb4 Qe7 18. O-O h6 19. Bd3 g5 20. Bb6 Rxa1
21. Qxa1 Ra8 22. Qb2 Na6 23. Bxb5 Bxb5 24. Nxb5 Qb7
0-1

[Event "only under 1900 (leisure version)"]
[Site "SchemingMind.com"]
[Date "2018.04.10"]
[Round "-"]
[White "echecs"]
[Black "Iucounu"]
[Result "0-1"]
[WhiteCountry "ENG"]
[BlackCountry "ENG"]
[WhiteElo "1697"]
[WhiteRD "65"]
[BlackElo "1604"]
[BlackRD "75"]
[GameID "426673"]

1. e4 e6 2. d4 d5 3. Nc3 Nf6 4. e5 Nfd7 5. Nf3 c5 6. Be2 Nc6 7. Bg5 Be7 8. Bxe7 Qxe7 9. dxc5 Ncxe5 10. Nxe5 Nxe5
11. Qd4 Qf6 12. Qa4+ Bd7 13. Bb5 a6 14. Bxd7+ Nxd7 15. O-O Qe7 16. c6 bxc6 17. Qxc6 O-O 18. Rfc1 Ne5 19. Qa4 a5 20. a3 Qd7
21. Qf4 Ng6 22. Qg3 a4 23. Ne2 Qb5 24. Nd4 Qxb2 25. Nf3 Qf6 26. Rab1 Qf4 27. Qh3 Rfb8 28. Rd1 Rxb1 29. Rxb1 Rb8 30. Rxb8+ Qxb8
31. Ne1 h6 32. Qc3 Nh4 33. g3 Nf5 34. Nd3 Qb5 35. Nb4 Qc4 36. Qe5 Kh7 37. h3 Qd4 38. Qc7 Kg6 39. Qc6 Qa1+ 40. Kg2 Qxa3
41. Nxd5 Qd6 42. Nf4+ Kh7 43. Qxa4 g5 44. Nd3 Nd4 45. Ne1 Qc6+ 46. Kf1 Qxa4
0-1

[Event "only under 1900 (leisure version)"]
[Site "SchemingMind.com"]
[Date "2018.04.09"]
[Round "-"]
[White "Iucounu"]
[Black "echecs"]
[Result "0-1"]
[WhiteCountry "ENG"]
[BlackCountry "ENG"]
[WhiteElo "1604"]
[WhiteRD "75"]
[BlackElo "1697"]
[BlackRD "65"]
[GameID "426674"]

1. d4 d6 2. c4 c6 3. Nc3 a6 4. Nf3 Nf6 5. Bf4 g6 6. e3 Bg7 7. Bd3 O-O 8. O-O b5 9. b3 Nh5 10. Bg5 b4
11. Ne2 Bg4 12. Nd2 c5 13. h3 Bxe2 14. Qxe2 cxd4 15. Rad1 dxe3 16. Qxe3 Nf6 17. Ne4 Nbd7 18. Nxf6+ Nxf6 19. Rfe1 Re8 20. Bxf6 Bxf6
21. Bc2 Bc3 22. Re2 Qc7 23. a3 a5 24. a4 e6 25. Qf3 Rad8 26. Re3 Qc5 27. Red3 Be5 28. Qe3 Qc7 29. f4 Bf6 30. g4 Be7
31. g5 d5 32. Bb1 Bc5 33. Rd4 Bxd4 34. Rxd4 dxc4 35. bxc4 Rxd4 36. Qxd4 Rd8 37. Qe4 Rd1+ 38. Kf2 Rxb1 39. Qxb1 Qxf4+
0-1

[Event "only under 1900 (leisure version)"]
[Site "SchemingMind.com"]
[Date "2018.04.06"]
[Round "-"]
[White "slotheman"]
[Black "Iucounu"]
[Result "0-1"]
[WhiteCountry "USA"]
[BlackCountry "ENG"]
[WhiteElo "1524"]
[WhiteRD "91"]
[BlackElo "1576"]
[BlackRD "76"]
[GameID "426675"]

1. e4 e6 2. d4 d5 3. Nd2 Be7 4. Bd3 c5 5. dxc5 dxe4 6. Nxe4 Nc6 7. c3 Nf6 8. Be3 O-O 9. Nf3 Nxe4 10. Bxe4 Qxd1+
11. Kxd1 Rd8+ 12. Kc2 f5 13. Bxc6 bxc6 14. Nd4 Bd7 15. Rad1 e5 16. Nb3 f4 17. Bd2 Bf5+ 18. Kc1 a5 19. a4 Be6 20. Rhe1 Bxb3
21. Rxe5 Bxd1 22. Rxe7 Bxa4 23. g4 g5 24. Re6 Rd5 25. b4 axb4 26. cxb4 Kf7 27. Rxc6 Bxc6 28. Bc3 Ra2 29. Bb2 Ba4 30. Kb1 Bb3
31. c6 Rd1+ 32. Bc1 Rc2 33. c7 Rdxc1#
0-1

[Event "only under 1900 (leisure version)"]
[Site "SchemingMind.com"]
[Date "2018.04.06"]
[Round "-"]
[White "Iucounu"]
[Black "slotheman"]
[Result "1-0"]
[WhiteCountry "ENG"]
[BlackCountry "USA"]
[WhiteElo "1576"]
[WhiteRD "76"]
[BlackElo "1524"]
[BlackRD "91"]
[GameID "426676"]

1. d4 Nf6 2. c4 e6 3. Nc3 Bb4 4. e3 b6 5. Ne2 Ba6 6. a3 Be7 7. Nf4 Nc6 8. h3 O-O 9. Bd3 Na5 10. b4 Nxc4
11. O-O Rc8 12. Re1 c5 13. b5 Bxb5 14. Nxb5 Nd6 15. Nxa7 Rc7 16. Nb5 Nxb5 17. Bxb5 Ne4 18. dxc5 bxc5 19. Qd3 f5 20. a4 Qc8
21. Qc2 c4 22. Ba3 Bxa3 23. Rxa3 c3 24. f3 Ng5 25. Rc1 Qe8 26. Rxc3 Rxc3 27. Qxc3 e5 28. Nd5 Qe6 29. Qc4 Kh8 30. Nc7 Qb6
31. Qc5 Qxc5 32. Rxc5 d6 33. Rd5 Nf7 34. Ne8 g6 35. Nxd6 Kg7 36. Nxf7 Kxf7 37. Rxe5 Rd8 38. e4 f4 39. Rd5 Rc8 40. Bd7 Rc1+
41. Kh2 h6 42. a5 g5 43. Rd4 Kf6 44. Ra4 Ke5 45. a6
1-0